[Event "As CC-ch B"]
[Site "As"]
[Date "2017.02.16"]
[Round "5"]
[White "Garmark, Vegard"]
[Black "Thowsen, Alf Geir"]
[Result "0-1"]
[WhiteElo "1217"]
[BlackElo "1188"]
[PlyCount "58"]
[EventDate "2017.01.12"]
[EventType "swiss"]
[EventRounds "9"]
[EventCountry "NOR"]
[SourceTitle "EXT 2024"]
[Source "ChessBase"]
[SourceDate "2023.10.10"]
[SourceVersion "1"]
[SourceVersionDate "2023.10.10"]
[SourceQuality "1"]

1. d4 Nf6 2. c4 c5 3. Nf3 cxd4 4. e3 dxe3 5. Bxe3 Nc6 6. Nc3 g6 7. Bd3 Bg7 8. 0-0 0-0 9. a3 d6 10. Ng5 Ne5 11. Be2 Bd7 12. Re1 Rc8 13. b3 b6 14. Qd4 Neg4 15. Bd2 Nh5 16. Qe4 Nhf6 17. Qd4 Bf5 18. h3 Ne4 19. Qd5 e6 20. Qd3 Nxc3 21. Qg3 Nxe2+ 22. Rxe2 Bxa1 23. hxg4 f6 24. gxf5 fxg5 25. fxe6 Be5 26. Qd3 Qf6 27. Qd5 Kg7 28. Qb7+ Kh6 29. Re3 Qxf2+ 0-1

[Event "As CC-ch B"]
[Site "As"]
[Date "2017.02.09"]
[Round "4"]
[White "Simonsen, Steinar"]
[Black "Garmark, Vegard"]
[Result "1/2-1/2"]
[WhiteElo "1218"]
[BlackElo "1217"]
[PlyCount "60"]
[EventDate "2017.01.12"]
[EventType "swiss"]
[EventRounds "9"]
[EventCountry "NOR"]
[SourceTitle "EXT 2024"]
[Source "ChessBase"]
[SourceDate "2023.10.10"]
[SourceVersion "1"]
[SourceVersionDate "2023.10.10"]
[SourceQuality "1"]

1. e4 e5 2. Nf3 Nf6 3. Nc3 d6 4. d4 exd4 5. Nxd4 a6 6. Be2 Be7 7. 0-0 0-0 8. h3 Nbd7 9. a4 Nc5 10. f3 Ne6 11. Be3 Nh5 12. Nxe6 Bxe6 13. Bf2 f5 14. Nd5 fxe4 15. Nxe7+ Qxe7 16. fxe4 Nf4 17. Bg3 Nxe2+ 18. Qxe2 Qg5 19. Rf3 Rxf3 20. Qxf3 Rf8 21. Qd3 h6 22. Re1 Qc5+ 23. Kh2 Qb4 24. b3 Qc5 25. Qe2 Qc3 26. e5 d5 27. Qd3 Qxd3 28. cxd3 c5 29. a5 b6 30. axb6 Rb8 1/2-1/2

[Event "As Autumn"]
[Site "As"]
[Date "2016.11.03"]
[Round "7"]
[White "Garmark, Vegard"]
[Black "Sandvik, Sander"]
[Result "0-1"]
[WhiteElo "1201"]
[BlackElo "1127"]
[PlyCount "46"]
[EventDate "2016.09.01"]
[EventType "swiss"]
[EventRounds "9"]
[EventCountry "NOR"]
[SourceTitle "EXT 2024"]
[Source "ChessBase"]
[SourceDate "2023.10.10"]
[SourceVersion "1"]
[SourceVersionDate "2023.10.10"]
[SourceQuality "1"]

1. e4 e5 2. Nf3 Nc6 3. d4 exd4 4. Bc4 Bc5 5. 0-0 Nf6 6. e5 d5 7. Bb5 Ne4 8. Bxc6+ bxc6 9. Nxd4 0-0 10. c3 Qh4 11. Nd2 Ba6 12. N2f3 Qg4 13. h3 Qh5 14. Re1 g5 15. Nxg5 Qg6 16. Nxe4 dxe4 17. Re3 Bxd4 18. Rg3 Qxg3 19. Qxd4 Qg6 20. Bf4 Rfd8 21. Qc5 Rd5 22. Qe3 Rd3 23. Qe1 Rxh3 0-1

[Event "Oslo op"]
[Site "Fornebu"]
[Date "2016.09.30"]
[Round "2"]
[White "Aure, Anders Nilsson"]
[Black "Garmark, Vegard"]
[Result "1-0"]
[WhiteElo "1757"]
[BlackElo "1456"]
[PlyCount "95"]
[EventDate "2016.09.30"]
[EventType "swiss"]
[EventRounds "9"]
[EventCountry "NOR"]
[SourceTitle "EXT 2018"]
[Source "ChessBase"]
[SourceDate "2017.10.13"]
[SourceVersion "1"]
[SourceVersionDate "2017.10.13"]
[SourceQuality "1"]

1. c4 c5 2. Nf3 Nf6 3. d4 e6 4. Nc3 d5 5. cxd5 exd5 6. Bg5 Be7 7. dxc5 Nbd7 8. Nxd5 Nxd5 9. Qxd5 Qa5+ 10. Bd2 Qxc5 11. Qxc5 Nxc5 12. g3 Ne4 13. Bg2 Nxd2 14. Nxd2 Bf5 15. Bxb7 Rb8 16. Bc6+ Kf8 17. e4 Bh3 18. b3 Rc8 19. Bd5 Rg8 20. Bc4 Bb4 21. Ke2 Bxd2 22. Kxd2 Bg2 23. Rhe1 Ke7 24. Ke3 Bh3 25. Rac1 Rc5 26. Bf1 Rxc1 27. Rxc1 Bxf1 28. Rxf1 Rc8 29. Rd1 Rc5 30. f4 h5 31. Rd4 Rc1 32. Rd2 Rc5 33. Kd3 f5 34. Re2 fxe4+ 35. Rxe4+ Kf6 36. Re5 Rxe5 37. fxe5+ Kxe5 38. Ke3 g6 39. h3 g5 40. a3 a6 41. b4 Kf5 42. Kf3 h4 43. g4+ Ke5 44. Ke3 Kd5 45. a4 Kc4 46. b5 axb5 47. axb5 Kxb5 48. Ke4 1-0

[Event "Oslo op"]
[Site "Fornebu"]
[Date "2016.09.30"]
[Round "4"]
[White "Garmark, Vegard"]
[Black "Ski, Alexander K"]
[Result "0-1"]
[WhiteElo "1456"]
[BlackElo "1611"]
[PlyCount "56"]
[EventDate "2016.09.30"]
[EventType "swiss"]
[EventRounds "9"]
[EventCountry "NOR"]
[SourceTitle "EXT 2018"]
[Source "ChessBase"]
[SourceDate "2017.10.13"]
[SourceVersion "1"]
[SourceVersionDate "2017.10.13"]
[SourceQuality "1"]

1. e4 e5 2. Nf3 d6 3. Nc3 Bg4 4. h3 Bh5 5. Be2 Nc6 6. d3 Qc8 7. Nd5 Nge7 8. Nh4 Bxe2 9. Qxe2 Nxd5 10. exd5 Nd4 11. Qd1 Be7 12. Nf3 Nf5 13. Ng5 h6 14. Ne4 Qd7 15. c3 Nh4 16. g4 Ng2+ 17. Kf1 Nh4 18. Ng3 0-0 19. f4 exf4 20. Bxf4 Qb5 21. Rh2 Qxd5 22. Rf2 Rae8 23. c4 Qc6 24. Qd2 Bf6 25. Rc1 Bd4 26. Re2 Qf3+ 27. Ke1 Ng2+ 28. Kd1 Nxf4 0-1

[Event "AS CC-ch B"]
[Site "As"]
[Date "2016.02.18"]
[Round "5"]
[White "Garmark, Vegard"]
[Black "Simonsen, Steinar"]
[Result "0-1"]
[WhiteElo "1202"]
[BlackElo "1240"]
[PlyCount "84"]
[EventDate "2016.01.14"]
[EventType "swiss"]
[EventRounds "9"]
[EventCountry "NOR"]
[SourceTitle "EXT 2024"]
[Source "ChessBase"]
[SourceDate "2023.10.10"]
[SourceVersion "1"]
[SourceVersionDate "2023.10.10"]
[SourceQuality "1"]

1. d4 f5 2. c4 Nf6 3. Nc3 e6 4. Nf3 Be7 5. Qc2 b6 6. e4 Bb7 7. exf5 Bxf3 8. gxf3 Nc6 9. Be3 Nb4 10. Qd2 exf5 11. a3 Nc6 12. Rg1 Rg8 13. 0-0-0 Na5 14. Qc2 g6 15. Bd3 Rf8 16. Rge1 d5 17. cxd5 Nxd5 18. Nxd5 Qxd5 19. b4 Nc6 20. Bg5 Kd7 21. Bxe7 Nxe7 22. Re5 Qxf3 23. Bb5+ c6 24. Rde1 Rfe8 25. R1e3 Qh1+ 26. Re1 Qf3 27. Be2 Qxa3+ 28. Qb2 Qxb2+ 29. Kxb2 Nd5 30. b5 Rxe5 31. bxc6+ Kxc6 32. dxe5 Re8 33. Bf3 Kc5 34. Kb3 Nf4 35. Rc1+ Kd4 36. Bc6 Rxe5 37. Rc4+ Kd3 38. Rxf4 Rc5 39. Be8 a6 40. Rh4 Rc3+ 41. Kb4 Rc2 42. Rxh7 g5 0-1

[Event "AS CC-ch B"]
[Site "As"]
[Date "2016.01.14"]
[Round "1"]
[White "Heien, Aksel"]
[Black "Garmark, Vegard"]
[Result "0-1"]
[WhiteElo "924"]
[BlackElo "1202"]
[PlyCount "82"]
[EventDate "2016.01.14"]
[EventType "swiss"]
[EventRounds "9"]
[EventCountry "NOR"]
[SourceTitle "EXT 2024"]
[Source "ChessBase"]
[SourceDate "2023.10.10"]
[SourceVersion "1"]
[SourceVersionDate "2023.10.10"]
[SourceQuality "1"]

1. e4 c5 2. Nf3 d6 3. d4 cxd4 4. Nxd4 Nf6 5. Nc3 a6 6. Be2 g6 7. 0-0 Bg7 8. Be3 0-0 9. Qd2 Nc6 10. Nxc6 bxc6 11. Bh6 Rb8 12. Rab1 Qc7 13. Bxg7 Kxg7 14. Rfd1 Bb7 15. b4 Rfd8 16. Bd3 d5 17. exd5 cxd5 18. Qc1 Qxc3 19. Rb3 Qc6 20. f3 e5 21. Re1 e4 22. fxe4 dxe4 23. Be2 Nd5 24. c4 Nf6 25. Rc3 Rbc8 26. h3 Rd4 27. Qc2 Rcd8 28. b5 axb5 29. cxb5 Qb6 30. Kh1 Nd5 31. Rb3 Nf4 32. Bf1 Rd2 33. Qb1 Qf2 34. a3 Nxg2 35. Re2 Rxe2 36. Bxe2 Qxe2 37. Qb2+ Qxb2 38. Rxb2 e3 39. Kg1 Rd2 40. Rb1 e2 41. Kf2 Rd1 0-1

[Event "As Autumn"]
[Site "As"]
[Date "2015.10.29"]
[Round "7"]
[White "Moen, Olav Baade"]
[Black "Garmark, Vegard"]
[Result "0-1"]
[WhiteElo "1413"]
[BlackElo "1226"]
[PlyCount "72"]
[EventDate "2015.09.03"]
[EventType "swiss"]
[EventRounds "9"]
[EventCountry "NOR"]
[SourceTitle "EXT 2024"]
[Source "ChessBase"]
[SourceDate "2023.10.10"]
[SourceVersion "1"]
[SourceVersionDate "2023.10.10"]
[SourceQuality "1"]

1. e4 d5 2. exd5 Nf6 3. c4 e6 4. Nc3 exd5 5. d4 Qe7+ 6. Be3 Ng4 7. Nxd5 Nxe3 8. Nxe7 Nxd1 9. Nd5 Nxb2 10. Nxc7+ Kd8 11. Nxa8 Bb4+ 12. Ke2 Nc6 13. Rb1 Re8+ 14. Kf3 Nxd4+ 15. Kg3 Bd6+ 16. f4 Nf5+ 17. Kf2 Bc5+ 18. Kf3 Re3+ 19. Kg4 Ng3+ 20. f5 Bxf5+ 21. Kf4 g5+ 22. Kxg5 h6+ 23. Kf4 Nxh1 24. Kxf5 Bd4 25. Nf3 Bc3 26. Kf4 Re8 27. c5 Nf2 28. Bb5 Re6 29. Rf1 Nbd1 30. Ba4 Re4+ 31. Kg3 Rxa4 32. Rxf2 Nxf2 33. Kxf2 Rxa2+ 34. Kg3 Kc8 35. Nh4 Be5+ 36. Kg4 Ra4+ 0-1

[Event "As Autumn"]
[Site "As"]
[Date "2015.09.10"]
[Round "2"]
[White "Sandvik, Sander"]
[Black "Garmark, Vegard"]
[Result "1/2-1/2"]
[WhiteElo "917"]
[BlackElo "1226"]
[PlyCount "47"]
[EventDate "2015.09.03"]
[EventType "swiss"]
[EventRounds "9"]
[EventCountry "NOR"]
[SourceTitle "EXT 2024"]
[Source "ChessBase"]
[SourceDate "2023.10.10"]
[SourceVersion "1"]
[SourceVersionDate "2023.10.10"]
[SourceQuality "1"]

1. e4 d5 2. exd5 e6 3. dxe6 Bxe6 4. d4 c5 5. Bb5+ Nd7 6. d5 Bf5 7. Qe2+ Qe7 8. c4 Ngf6 9. Nc3 a6 10. Qxe7+ Bxe7 11. Bxd7+ Nxd7 12. Nf3 Bf6 13. Bd2 0-0 14. 0-0 Bd3 15. Rfe1 Bxc4 16. Re3 Rfe8 17. Rae1 Kf8 18. b3 Bxc3 19. Rxe8+ Rxe8 20. Rxe8+ Kxe8 21. bxc4 Bxd2 22. Nxd2 Ke7 23. Kf1 b5 24. cxb5 1/2-1/2

[Event "As CC-ch B"]
[Site "As"]
[Date "2014.02.06"]
[Round "3"]
[White "Garmark, Vegard"]
[Black "Ruud, Kjetil"]
[Result "0-1"]
[WhiteElo "1254"]
[BlackElo "1229"]
[PlyCount "119"]
[EventDate "2014.01.16"]
[EventType "swiss"]
[EventRounds "9"]
[EventCountry "NOR"]
[SourceTitle "EXT 2024"]
[Source "ChessBase"]
[SourceDate "2023.10.10"]
[SourceVersion "1"]
[SourceVersionDate "2023.10.10"]
[SourceQuality "1"]

1. e4 b6 2. d4 Bb7 3. Nc3 e6 4. Nf3 Bb4 5. Bd3 Bxc3+ 6. bxc3 d6 7. 0-0 Nd7 8. c4 c5 9. d5 e5 10. Nd2 Qe7 11. f4 f6 12. Nf3 0-0-0 13. a4 a5 14. Rb1 Kc7 15. fxe5 fxe5 16. Ng5 Kb8 17. Nf7 Ngf6 18. Nxd8 Qxd8 19. c3 h6 20. Qf3 Qe8 21. Qf5 Kc7 22. Rb2 Bc8 23. Qf3 Nf8 24. Bc2 Bd7 25. Qg3 Qe7 26. Be3 Be8 27. Rfb1 N8d7 28. Qh3 Bg6 29. Qe6 Re8 30. Bxc5 Nxc5 31. Qxe7+ Rxe7 32. Rxb6 Bxe4 33. Rc6+ Kd7 34. Bxe4 Nfxe4 35. Rbb6 g5 36. Rb5 Nxa4 37. Rxa5 Nac5 38. Rb6 Ke8 39. Ra1 Kf7 40. g3 Kg6 41. Kg2 Rf7 42. Rf1 Rd7 43. h4 Nxc3 44. Rb8 N3e4 45. Kh3 Rc7 46. Rff8 Nf6 47. h5+ Nxh5 48. Rbd8 Ne4 49. Rb8 Ng7 50. Rfc8 Ra7 51. Kg2 g4 52. Rc6 Rf7 53. Kg1 Kh7 54. Rcc8 Nxg3 55. Rf8 Rxf8 56. Rxf8 Kg6 57. Kf2 N7f5 58. Rc8 h5 59. Rc6 Kg5 60. Rc8 0-1

[Event "NOR-ch Class4"]
[Site "Lillehammer"]
[Date "2013.06.29"]
[Round "1"]
[White "Garmark, Vegard"]
[Black "Nyland, Ingeborg Marie"]
[Result "1-0"]
[WhiteElo "1182"]
[BlackElo "1012"]
[PlyCount "53"]
[EventDate "2013.06.29"]
[EventType "swiss"]
[EventRounds "9"]
[EventCountry "NOR"]
[SourceTitle "EXT 2017"]
[Source "ChessBase"]
[SourceDate "2016.10.25"]
[SourceVersion "1"]
[SourceVersionDate "2016.10.25"]
[SourceQuality "1"]

1. d4 d5 2. c4 dxc4 3. Nc3 h6 4. e4 Nf6 5. Bxc4 e6 6. Nge2 c5 7. d5 e5 8. 0-0 Be7 9. f4 exf4 10. Bxf4 Nfd7 11. e5 Nb6 12. Bb5+ Bd7 13. Bxd7+ Qxd7 14. d6 Bg5 15. Nd5 Nxd5 16. Qxd5 Bxf4 17. Rxf4 0-0 18. Raf1 Nc6 19. Qxc5 Rae8 20. Re4 Re6 21. Nd4 Nxd4 22. Qxd4 Rfe8 23. Rc1 Rc8 24. Rxc8+ Qxc8 25. Qc4 Qxc4 26. Rxc4 Rxe5 27. d7 1-0

[Event "As CC-ch B"]
[Site "As"]
[Date "2012.05.13"]
[Round "10"]
[White "Simonsen, Steinar"]
[Black "Garmark, Vegard"]
[Result "1-0"]
[WhiteElo "1414"]
[BlackElo "1238"]
[PlyCount "105"]
[EventDate "2012.01.19"]
[EventType "tourn"]
[EventRounds "10"]
[EventCountry "NOR"]
[SourceTitle "EXT 2024"]
[Source "ChessBase"]
[SourceDate "2023.10.10"]
[SourceVersion "1"]
[SourceVersionDate "2023.10.10"]
[SourceQuality "1"]

1. e4 e5 2. Nf3 Nc6 3. Bb5 Nf6 4. d3 d6 5. Nc3 Be7 6. 0-0 0-0 7. h3 Be6 8. Be3 Nd7 9. Qd2 f5 10. Bg5 f4 11. Bxe7 Qxe7 12. Nd5 Bxd5 13. exd5 Nd8 14. Qc3 a6 15. Ba4 Nc5 16. Bb3 Nf7 17. Rfe1 Ng5 18. Nxg5 Qxg5 19. d4 Nd7 20. Qxc7 f3 21. g3 Rad8 22. Qxd6 Qh5 23. Qe6+ Kh8 24. Qg4 Qxg4 25. hxg4 exd4 26. Re4 Nc5 27. Rxd4 Nxb3 28. axb3 Kg8 29. c4 Kf7 30. Re1 Rc8 31. Re3 b5 32. Rxf3+ Kg8 33. Rxf8+ Kxf8 34. Kg2 Ke7 35. Kf3 Kd6 36. cxb5 axb5 37. Ke4 Rc2 38. f4 Rxb2 39. Rd3 Re2+ 40. Kf3 Rc2 41. g5 b4 42. Ke3 Rg2 43. Kd4 Rc2 44. Re3 Rd2+ 45. Kc4 Rxd5 46. Kxb4 Rd4+ 47. Kb5 Rd5+ 48. Kb6 Rd4 49. Rc3 g6 50. Ka5 Rd5+ 51. Ka4 Ke6 52. b4 Kf5 53. Rc5 1-0

[Event "As CC-ch B"]
[Site "As"]
[Date "2012.03.22"]
[Round "8"]
[White "Thowsen, Alf Geir"]
[Black "Garmark, Vegard"]
[Result "0-1"]
[WhiteElo "1151"]
[BlackElo "1238"]
[PlyCount "52"]
[EventDate "2012.01.19"]
[EventType "tourn"]
[EventRounds "10"]
[EventCountry "NOR"]
[SourceTitle "EXT 2024"]
[Source "ChessBase"]
[SourceDate "2023.10.10"]
[SourceVersion "1"]
[SourceVersionDate "2023.10.10"]
[SourceQuality "1"]

1. d4 d5 2. c4 Nc6 3. cxd5 Qxd5 4. e3 e5 5. Nc3 Bb4 6. Bd2 Bxc3 7. Bxc3 exd4 8. exd4 Nf6 9. Nf3 0-0 10. Be2 Bg4 11. 0-0 Rfe8 12. b3 Re7 13. Bc4 Qh5 14. Re1 Rxe1+ 15. Bxe1 Rd8 16. Bc3 Ne5 17. Be2 Ng6 18. h3 Bxh3 19. gxh3 Qxh3 20. Bf1 Qg4+ 21. Kh2 Rd5 22. Bh3 Rh5 23. Ng1 Qf4+ 24. Kg2 Nh4+ 25. Kf1 Ne4 26. Be1 Ng3# 0-1

[Event "Oslo ASKO Pinseturnering-B"]
[Site "Oslo"]
[Date "2009.05.30"]
[Round "4"]
[White "Garmark, Vegard"]
[Black "Amarapala, Sherington"]
[Result "0-1"]
[WhiteElo "1039"]
[BlackElo "1124"]
[PlyCount "100"]
[EventDate "2009.05.30"]
[EventType "swiss"]
[EventRounds "6"]
[EventCountry "NOR"]
[SourceTitle "EXT 2011"]
[Source "ChessBase"]
[SourceDate "2010.11.26"]
[SourceVersion "1"]
[SourceVersionDate "2010.11.26"]
[SourceQuality "1"]

1. e4 e5 2. Nf3 Nc6 3. d4 exd4 4. Nxd4 Qh4 5. Nc3 Bb4 6. Nxc6 Qxe4+ 7. Be3 Qxc6 8. Bd4 Nf6 9. a3 Ba5 10. b4 Bb6 11. Bxb6 Qxc3+ 12. Ke2 axb6 13. g3 0-0 14. Bh3 Re8+ 15. Kf1 d5 16. Kg2 Bxh3+ 17. Kxh3 Ne4 18. Kg2 c6 19. Qd3 Qxd3 20. cxd3 Nf6 21. h4 c5 22. b5 Re2 23. Kf3 Re6 24. a4 Re7 25. g4 Rc7 26. g5 Nd7 27. Kf4 c4 28. d4 c3 29. Ke3 f6 30. f4 Rc4 31. Kd3 fxg5 32. hxg5 Nf8 33. f5 Rac8 34. f6 gxf6 35. gxf6 Nd7 36. f7+ Kxf7 37. Rxh7+ Ke6 38. Re1+ Kd6 39. Ree7 Rd8 40. Kc2 Nf6 41. Rhg7 Ne4 42. Rxb7 Rxd4 43. Rxb6+ Kc5 44. a5 Rd2+ 45. Kc1 c2 46. Rc7+ Kb4 47. a6 Kb3 48. Rxc2 Rxc2+ 49. Kd1 Rh8 50. a7 Rh1# 0-1

[Event "Oslo ASKO Pinseturnering-B"]
[Site "Oslo"]
[Date "2009.05.30"]
[Round "3"]
[White "Snahre, Stig Allan"]
[Black "Garmark, Vegard"]
[Result "1/2-1/2"]
[WhiteElo "1335"]
[BlackElo "1039"]
[PlyCount "51"]
[EventDate "2009.05.30"]
[EventType "swiss"]
[EventRounds "6"]
[EventCountry "NOR"]
[SourceTitle "EXT 2011"]
[Source "ChessBase"]
[SourceDate "2010.11.26"]
[SourceVersion "1"]
[SourceVersionDate "2010.11.26"]
[SourceQuality "1"]

1. e4 e5 2. Nf3 Nc6 3. Bc4 Be7 4. d4 exd4 5. Nxd4 d6 6. 0-0 Nf6 7. Nc3 0-0 8. Re1 a6 9. b3 Ne5 10. Be2 Bg4 11. f3 Bc8 12. Nf5 Bxf5 13. exf5 Qd7 14. g4 Qc6 15. Bb2 Rfe8 16. g5 Nfd7 17. f4 Qc5+ 18. Kg2 Nc6 19. Bg4 f6 20. Nd5 Bf8 21. Nxc7 Rxe1 22. Qxe1 Rc8 23. Ne6 Qxc2+ 24. Qf2 Qxf2+ 25. Kxf2 Nb4 26. Be2 1/2-1/2